Địa lí 11

সংরক্ষণ করুন:
গ্রন্থ-পঞ্জীর বিবরন
প্রধান লেখক: Lê, Thông
অন্যান্য লেখক: Nguyễn, Thị Minh Phương
বিন্যাস: গ্রন্থ
ভাষা:Undetermined
প্রকাশিত: H. Giáo dục 2009
বিষয়গুলি:
অনলাইন ব্যবহার করুন:http://lrc.tdmu.edu.vn/opac/search/detail.asp?aID=2&ID=5307
ট্যাগগুলো: ট্যাগ যুক্ত করুন
কোনো ট্যাগ নেই, প্রথমজন হিসাবে ট্যাগ করুন!
Thư viện lưu trữ: Trung tâm Học liệu Trường Đại học Thủ Dầu Một
LEADER 00621nam a2200205Ia 4500
001 TDMU_5307
008 210410s9999 xx 000 0 und d
082 |a 910.71 
090 |b L250 
100 |a Lê, Thông 
245 0 |a Địa lí 11 
245 0 |c Lê Thông 
260 |a H. 
260 |b Giáo dục 
260 |c 2009 
300 |a 116tr 
650 |a Sách lớp 11  |v Giáo khoa; Địa lí  |x Dạy và học 
700 |a Nguyễn, Thị Minh Phương 
856 |u http://lrc.tdmu.edu.vn/opac/search/detail.asp?aID=2&ID=5307 
980 |a Trung tâm Học liệu Trường Đại học Thủ Dầu Một